Sports management and administration /

Bibliographic Details
Main Author: Watt, David C., 1951-
Format: Book
Language:English
Published: London ; New York : Routledge, 2003.
Edition:2nd ed.
Subjects:

MARC

Tag First Indicator Second Indicator Subfields
LEADER 00000cam a2200000 a 4500
001 in00001729821
005 20151024212802.0
008 020612s2003 enka b 001 0 eng
010 |a  2003046545 
020 |a 0415274567 
020 |a 0415274575 (pbk.) 
035 |a (OCoLC)ocm51886487 
040 |a DLC  |c DLC  |d OCLCQ  |d C#P  |d TXA  |d UtOrBLW 
043 |a e-uk--- 
049 |a TXAM 
050 0 0 |a GV713  |b .W358 2003 
082 0 0 |a 796/06/9  |2 21 
100 1 |a Watt, David C.,  |d 1951- 
245 1 0 |a Sports management and administration /  |c David C. Watt. 
250 |a 2nd ed. 
264 1 |a London ;  |a New York :  |b Routledge,  |c 2003. 
300 |a viii, 280 pages :  |b illustrations ;  |c 25 cm. 
336 |a text  |b txt  |2 rdacontent 
337 |a unmediated  |b n  |2 rdamedia 
338 |a volume  |b nc  |2 rdacarrier 
504 |a Includes bibliographical references (pages [265]-273) and index. 
650 0 |a Sports  |z Great Britain  |x Management. 
650 0 |a Sports administration  |z Great Britain. 
948 |a cataloged  |b h  |c 2004/1/30  |d c  |e ceaton  |f 2:03:13 pm 
994 |a E0  |b TXA 
999 |a MARS 
999 f f |s 7c0d2b81-8b06-33a0-a586-5603ac7e0d4d  |i 7e6c5e47-16ba-3a83-8ec5-c8d5d00a4a01  |t 0 
952 f f |p normal  |a Texas A&M University  |b College Station  |c Sterling C. Evans Library  |s Evans stk  |d Evans: Library Stacks  |t 0  |e GV713 .W358 2003  |h Library of Congress classification  |i unmediated -- volume  |m A14830881506 
998 f f |a GV713 .W358 2003  |t 0  |l Evans: Library Stacks